000 00995nam a2200241Ia 4500
003 Ost
005 20260507075352.0
008 260507s9999||||xx |||||||||||||| ||und||
020 _a180920995797
040 _cfsecg
041 _aara
082 _a330
100 _afroeb، luke m
_eمؤلف
245 0 _aالإقتصاد الإداري :
_bأسلوب حل المشكلات /
_c luke m froeb
260 _aعمان:
_bدار الفكر,
_c2013
300 _a400 صفحة؛
_bإيضاحات ؛
_c24 سم
520 _aحل المشكلة وإتخاذ القرار- التسعير والتكاليف والارباح- التسعير لإحراز ربح أكبر- إتخاذ القرار الإستراتيجي- حالة الشك أو عدم التيقن- التصميم التنظيمي
653 _aالإدارة
653 _aالإقتصاد
653 _aالمشكلات الإقتصادية
700 _aعساف، أحمد عارف
_eمؤلف ثانوي
942 _cكتاب
999 _c44153
_d44153